<?xml version="1.0" encoding="UTF-8"?>
<collection xmlns="http://www.loc.gov/MARC21/slim">
 <record>
  <leader>01125nam a2200277 a 4500</leader>
  <controlfield tag="001">1917190</controlfield>
  <controlfield tag="008">100112s1998    ii a     b    001 0 eng d</controlfield>
  <datafield tag="010" ind1=" " ind2=" ">
   <subfield code="a">   97032073</subfield>
  </datafield>
  <datafield tag="020" ind1=" " ind2=" ">
   <subfield code="a">0761992227 (US-hb)</subfield>
  </datafield>
  <datafield tag="020" ind1=" " ind2=" ">
   <subfield code="a">8170366763  (India -hb)</subfield>
  </datafield>
  <datafield tag="040" ind1=" " ind2=" ">
   <subfield code="a">TOC</subfield>
   <subfield code="b">eng</subfield>
   <subfield code="c">TOC</subfield>
   <subfield code="d">TOC</subfield>
   <subfield code="d">BD-DhAAL</subfield>
  </datafield>
  <datafield tag="082" ind1="0" ind2="0">
   <subfield code="a">306.43/095</subfield>
   <subfield code="2">21</subfield>
  </datafield>
  <datafield tag="245" ind1="1" ind2="0">
   <subfield code="a">Education, development, and underdevelopment /</subfield>
   <subfield code="c">editors, Sureshchandra Shukla, Rekha Kaul.</subfield>
  </datafield>
  <datafield tag="260" ind1=" " ind2=" ">
   <subfield code="a">New Delhi ;</subfield>
   <subfield code="a">Thousand Oaks, Calif. :</subfield>
   <subfield code="b">Sage Publications,</subfield>
   <subfield code="c">c1998.</subfield>
  </datafield>
  <datafield tag="300" ind1=" " ind2=" ">
   <subfield code="a">x, 308 p. :</subfield>
   <subfield code="b">ill. ;</subfield>
   <subfield code="c">24 cm.</subfield>
  </datafield>
  <datafield tag="504" ind1=" " ind2=" ">
   <subfield code="a">Includes bibliographical references and index.</subfield>
  </datafield>
  <datafield tag="541" ind1="1" ind2=" ">
   <subfield code="e">00008455</subfield>
  </datafield>
  <datafield tag="650" ind1=" " ind2="0">
   <subfield code="a">Education</subfield>
   <subfield code="x">Economic aspects</subfield>
   <subfield code="z">India</subfield>
  </datafield>
  <datafield tag="650" ind1=" " ind2="0">
   <subfield code="a">Education</subfield>
   <subfield code="x">Economic aspects</subfield>
   <subfield code="z">cHINA</subfield>
  </datafield>
  <datafield tag="650" ind1=" " ind2="0">
   <subfield code="a">Education</subfield>
   <subfield code="x">Economic aspects</subfield>
   <subfield code="z">USA</subfield>
  </datafield>
  <datafield tag="650" ind1=" " ind2="0">
   <subfield code="a">Education</subfield>
   <subfield code="x">Social aspects</subfield>
  </datafield>
  <datafield tag="700" ind1="1" ind2=" ">
   <subfield code="a">Kaul, Rekha.</subfield>
  </datafield>
  <datafield tag="700" ind1="1" ind2=" ">
   <subfield code="a">Shukla, Sureshchandra,</subfield>
   <subfield code="d">1927</subfield>
  </datafield>
  <datafield tag="852" ind1="4" ind2=" ">
   <subfield code="a">Ayesha Abed Library</subfield>
   <subfield code="j">General shelf</subfield>
  </datafield>
  <datafield tag="999" ind1=" " ind2=" ">
   <subfield code="c">6921</subfield>
   <subfield code="d">6921</subfield>
  </datafield>
  <datafield tag="952" ind1=" " ind2=" ">
   <subfield code="0">0</subfield>
   <subfield code="1">0</subfield>
   <subfield code="2">ddc</subfield>
   <subfield code="4">0</subfield>
   <subfield code="6">306_430000000000000_095_EDU_1998</subfield>
   <subfield code="7">0</subfield>
   <subfield code="9">7150</subfield>
   <subfield code="a">BRACUL</subfield>
   <subfield code="b">BRACUL</subfield>
   <subfield code="c">GEN</subfield>
   <subfield code="d">2010-01-13</subfield>
   <subfield code="l">3</subfield>
   <subfield code="m">13</subfield>
   <subfield code="o">306.43095 EDU</subfield>
   <subfield code="p">3010008455</subfield>
   <subfield code="r">2014-08-13</subfield>
   <subfield code="s">2014-05-26</subfield>
   <subfield code="t">1</subfield>
   <subfield code="w">2010-01-13</subfield>
   <subfield code="y">BK</subfield>
  </datafield>
 </record>
</collection>
